PART 1: Abbey Road Medley Lyrics by The Beatles - Statistics

General Stats
  • This quiz has been taken 42 times
  • The average score is 346 of 469
Answer Stats
Hint Answer % Correct
a
100%
I
100%
in
100%
the
100%
The
100%
and
96%
And
96%
down.
96%
give
96%
go.
96%
go!
96%
go
96%
me
96%
me.
96%
me,
96%
mi
96%
money,
96%
money
96%
my
96%
never
96%
of
96%
YNGMYM You
96%
you
96%
your
96%
break
92%
her
92%
her?
92%
middle
92%
on
92%
only
92%
see
92%
see?
92%
to
92%
But,
88%
but
88%
But
88%
good
88%
King.
88%
no
88%
now
88%
Out
88%
out
88%
she
88%
SCITTBW She
88%
so
88%
Sun
88%
that
88%
comes
84%
here,
84%
SK Here
84%
like
84%
look
84%
man,
84%
man.
84%
MMM Mean
84%
mean
84%
Mister
84%
Mustard
84%
number,
84%
Pam
84%
Pam,
84%
Pam.
84%
paper,
84%
paper.
84%
Polythene
84%
polythene
84%
she's
84%
She's
84%
all
80%
funny
80%
looks
80%
nowhere
80%
oh,
80%
Oh,
80%
oh
80%
when
80%
Any
76%
came
76%
children
76%
dirty
76%
feeling,
76%
future,
76%
get
76%
Get
76%
heaven.
76%
investigation,
76%
looking
76%
magic
76%
negotiations,
76%
old
76%
One
76%
One,
76%
pay
76%
rent,
76%
Such
76%
such
76%
we'll
76%
PP Well,
76%
well,
76%
bathroom
72%
be
72%
by
72%
college,
72%
ever
72%
five,
72%
four,
72%
gone,
72%
job.
72%
money's
72%
seven,
72%
should
72%
six,
72%
sleeps
72%
Sleeps
72%
spent,
72%
three,
72%
through
72%
two,
72%
window,
72%
Yeah,
72%
yeah,
72%
yeah.
72%
Always
68%
always
68%
at
68%
getter.
68%
he's
68%
his
68%
His
68%
que
68%
say
68%
say.
68%
shop,
68%
sister
68%
stops,
68%
works
68%
been.
64%
been
64%
built.
64%
could
64%
got
64%
Monday
64%
Monday,
64%
park,
64%
Queen,
64%
situation,
64%
tear
64%
today,
64%
today.
64%
anybody
60%
back,
60%
dark,
60%
dream,
60%
dream
60%
place
60%
save
60%
tell
60%
true
60%
trying
60%
up
60%
amore
56%
attractively
56%
Didn't
56%
Everybody's
56%
everybody's
56%
him
56%
knew
56%
laughing,
56%
not
56%
police
56%
sack,
56%
silver
56%
some
56%
spoon.
56%
sweet
56%
ten
56%
was
56%
answer,
52%
bag.
52%
dancer.
52%
day.
52%
de
52%
department
52%
girl
52%
happy.
52%
hole
52%
kind
52%
morning,
52%
phone
52%
quit
52%
said
52%
shaves
52%
Sunday's
52%
Takes
52%
though
52%
Tuesday's
52%
away
48%
away.
48%
clubs
48%
from
48%
limousine.
48%
myself
48%
she'd
48%
Soon,
48%
steady
48%
yellow
48%
drag,
44%
fifteen
44%
kilt.
44%
obscene.
44%
pick
44%
protected
44%
Quando
44%
road
44%
shouts
44%
something
44%
thought
44%
turning
44%
wipe
44%
worked
44%
gas
40%
lorry
40%
makes
40%
nose.
40%
rob.
40%
slow,
40%
steal
40%
Step
40%
Yes,
40%
bags
36%
banks
36%
buy
36%
dose
36%
dressed
36%
jobber
36%
Keeps
36%
"News
36%
saving
36%
what
36%
best
32%
carousel.
32%
clothes.
32%
diller
32%
help
32%
hilt.
32%
killer
32%
note
32%
own
32%
paramucho
32%
Questo
32%
tried
32%
World."
32%
abrigado
28%
lagoon.
28%
parasol.
28%
sucks
28%
wonders
28%
bob
24%
felice
24%
paparazzi
24%
thumb
24%
jackboots
20%
Mundo
20%
tantamucho
20%
canite
4%
carathon.
4%
cicce
4%
verdi
4%
No matching quizzes found
Score Distribution
Percent of People with Each Score
Percentile by Number Answered
Your Score History
You have not taken this quiz